80s Cartoons by Picture - Statistics

General Stats
  • This quiz has been taken 1,887 times
  • The average score is 18 of 30
Answer Stats
Picture Answer % Correct
The Simpsons
95%
Garfield and Friends
94%
The Smurfs
94%
Teenage Mutant Ninja Turtles
92%
Care Bears
88%
Inspector Gadget
85%
Transformers
85%
He-Man and the Masters of the Universe
82%
The Real Ghost Busters
80%
My Little Pony
79%
Alvin and the Chipmunks
77%
Duck Tales
70%
Chip 'N Dale: Rescue Rangers
65%
She-Ra: Princess of Power
61%
G.I. Joe: A Real American Hero
59%
Jem
59%
Muppet Babies
59%
Babar
53%
Dennis the Menace
52%
Thundercats
52%
Danger Mouse
48%
Adventures of the Gummi Bears
37%
Rainbow Brite
33%
Count Duckula
32%
Dungeons & Dragons
31%
Bananaman
28%
Voltron
28%
Snorks
25%
SuperTed
23%
The Trap Door
14%
No matching quizzes found
Score Distribution
Percent of People with Each Score
Percentile by Number Answered
Your Score History
You have not taken this quiz